Soft furnishings : Over 65 step-by-step proects for your home

Bibliographic Details
Other Authors: Gibbs, Jennifer
Format: Book
Published: New South Wales : Weldon Russell , 1992
Subjects:

MARC

LEADER 00000cam a2200000 7i4500
001 0000003428
002 000003696
005 20000330.0
020 |a 187520251X 
090 0 0 |a 646.21   |b SOF 
245 0 0 |a Soft furnishings :   |b Over 65 step-by-step proects for your home 
260 |a New South Wales :   |b Weldon Russell ,   |c 1992 
300 |a 192p. ;   |c 29cm. 
650 0 0 |a House furnishings 
650 0 0 |a Interior decoration   |x Amateurs' manuals 
650 0 0 |a Sewing 
700 0 |a Gibbs, Jennifer 
999 |a 036894   |b BUKU   |c PINJAMAN   |e PERPUSTAKAAN KOMUNITI PETALING JAYA 
999 |a 082167   |b BUKU   |c PINJAMAN   |e PERPUSTAKAAN KOMUNITI PETALING JAYA